000 00305nam a2200109Ia 4500
008 200302s9999 xx 000 0 und d
100 _aJohn W.Bull
245 _aThe Practical Design Of Structural Elements In Timber -- 2Nd Ed(Usd 120)
260 _bGower Publishing Ltd.,
260 _c1994
300 _a174 P
999 _c4930
_d4930